1149 1015 1729 1301 1807 1587 1220 1191 1857 1525 1014 1859 1102 1733 1842 1256 1546 1911 1213 1436 1916 1681 1258 1600 1130 1304 1065 1772 1865 1766 1600 1696 1293 1420 1819 1527 1880 1870 1079 1253 1595 1356 1721 1829 1633 1291 1617 1379 1594 1417 1655 1146 1152 1673 1486 1443 1483 1743 1928 1789 1166 1793 1067 1693 1971 1073 1054 1160 1237 1439 1759 1806 1681 1445 1119 1168 1313 1067 1133 1041 1871 1729 1336 1131 1722 1296 1452 1722 1650 1740 1400 1053 1869 1094 1881 1105 1252 1676 1724 BCNSPRNW ULIB Ver.6.0+V

เปลี่ยนเป็นภาษาไทย

Change to English
 แสดงรายละเอียดบรรณานุกรม
  กลับหน้าหลัก

Brief Record : Get Marc (ISO 2709) : E-mail record : QR code < ปิดหน้าต่าง
LEADER : 00000nam 2200000uu 4500
001    13399115310
003     ULIB
008    120810s2553||||th 000 0 tha d
020    9786165000703
090    นว.^bม623ห
100 0  มุกเรียง
245 00 ห้วงรักนิรมิต /^cมุกเรียง
260    กรุงเทพฯ:^cพิมพ์คำ,^c2553
300    259 หน้า
945    ^p180^l0^i032311
995    เกษร
999 ^a วิภา
รายการนี้ยังไม่มีแท็ก
คุณยังไม่ได้ล็อกอิน คุณสามารถมีกิจกรรมร่วมกับเว็บไซต์ได้ แต่ต้องล็อกอินก่อน ::
  ล็อกอิน

รายการสื่อสารสนเทศ

ลำดับที่ ประเภท เลขเรียก/บาร์โค้ด สถานที่ สถานะ
1. นวนิยาย
นวนิยาย
นว. ม623ห  
  Barcode: 032311
ห้องสมุดวิทยาเขตสวรรค์ประชารักษ์
►นวนิยาย
บนชั้น
  ขอยืม

รายการใกล้เคียง
    ผู้แต่ง [มุกเรียง]

BibComment


ยังไม่เคยถูกคอมเมนท์

คอมเมนท์ทรัพยากรรายการนี้
  คอมเมนท์: ห้วงรักนิรมิต มุ..


 Copyright 2026. Bcnsprnw @Library